000 00408nam a2200169Ia 4500
008 230524s9999 xx 000 0 und d
020 _a9814126209
082 _a621.382
_bPRA
100 _aWilliam K.Pratt
245 0 _aDigital Image Processing
250 _a3RD
260 _aSINGAPORE
_bJohn Wiley
_c2004
300 _aXI;723
500 _aQuantity Number: 12
650 _aElectronics
942 _cBK
999 _c33936
_d33936